000 01179nam a2200229Ia 4500
001 L942-50936
003 IT-CnALBA
008 170116s9999||||xx |||||||||||||| ||und||
040 _aIT-CnALBA
_cIT-CnALBA
041 _aITALIANO
100 _aSERAVIA GIULIO
245 0 _aSTORIE DEL GRANDE OCEANO DELLE INDIE.
250 _a1a ed.
260 _a PADOVA
_bARCANA ED.
_c1997 [1° Ed.:1997 - Ed.Ling.Originale: 1997]
300 _a149 p.
500 _aSTORIE DI STREGONI E ANIMALI. DELL'ARCO. NASCITA DEL DUGONGO. LA TORRE DI BABELE. DIVERSI COLORI DEGLI UOMINI. STORIA DI UNA JENA. IL LEONE E DIK DIK. IL VOLO DEL MARABU'. IL FIORE DEL DESERTO. FIORI DI SETA. SERPENTE SENZA BRACCIA. PERCHE? LA TERRA DELL'
501 _aSocietà San Paolo EM - Piazza San Paolo, 14 - 12051 ALBA (CN) (non commercial uses only) ® Copyright 2017
520 _aSTORIE DI STREGONI E ANIMALI. DELL'ARCO. NASCITA DEL DUGONGO. LA TORRE DI BABELE. DIVERSI COLORI DEGLI UOMINI. STORIA DI UNA JENA. IL LEONE E DIK DIK. IL VOLO DEL MARABU'. IL FIORE DEL DESERTO. FIORI DI SETA. SERPENTE SENZA BRACCIA. PERCHE? LA TERRA DELL'
650 _aSTORIA MODERNA
942 _cBK
957 _71
999 _a57460
_bNO
_g Copie: 1
_c309840
_d309840